| 000 | 00575nam a2200181Ia 4500 | ||
|---|---|---|---|
| 008 | 140925s9999 xx 000 0 und d | ||
| 020 | _a1540-5850 | ||
| 100 | _aJoyce, Philip. | ||
| 245 |
_aPublic Budgeting & Finance / _cPhilip Joyce. _h[electronic resource] |
||
| 260 |
_bJohn Wiley & Sons, Inc., _cc1999. |
||
| 516 | _aElectronic text | ||
| 650 | _aBudgeting. | ||
| 650 | _aFinancial Management. | ||
| 830 | _aJohn Wiley & Sons, Inc. | ||
| 856 | _uhttp://onlinelibrary.wiley.com/journal/10.1111/%28ISSN%291540-5850 | ||
| 942 | _cEJ | ||
| 999 |
_c275650 _d275650 |
||